000 00331pam a2200145 a 4500
020 _c
041 _aeng
082 _a628.168
_bKHO
100 _aKhashoo.T.N.
245 _aEnvironmental Concerns And Strategies
_hTextual Documents
250 _a3.
260 _aLalbagh
_bAshish Publications
300 _a687p.
930 _a13394
999 _c90295
_d90295